Christian mission in the modern world. (Record no. 9066)

000 -LEADER
fixed length control field 00968nam a2200253 a 4500
001 - CONTROL NUMBER
control field :::00006847$&:&@@
003 - CONTROL NUMBER IDENTIFIER
control field OkBaRHE
005 - DATE AND TIME OF LATEST TRANSACTION
control field 20000607103333.0
008 - FIXED-LENGTH DATA ELEMENTS--GENERAL INFORMATION
fixed length control field s1975 j 000 0 eng u
020 ## - INTERNATIONAL STANDARD BOOK NUMBER
International Standard Book Number 0877844852
040 ## - CATALOGING SOURCE
Transcribing agency
100 1# - MAIN ENTRY--PERSONAL NAME
Personal name Stott, John R. W.
245 10 - TITLE STATEMENT
Title Christian mission in the modern world.
260 ## - PUBLICATION, DISTRIBUTION, ETC. (IMPRINT)
Place of publication, distribution, etc Downers Grove, IL., :
Name of publisher, distributor, etc InterVarsity Press
Date of publication, distribution, etc 1975
300 ## - PHYSICAL DESCRIPTION
Extent 128 p. ;
Dimensions 22 cm.
650 ## - SUBJECT ADDED ENTRY--TOPICAL TERM
Topical term or geographic name as entry element Christianity and Other Religions
General subdivision Addresses, Essays, Lectures
650 ## - SUBJECT ADDED ENTRY--TOPICAL TERM
Topical term or geographic name as entry element Conversion
General subdivision Addresses, Essays, Lectures
650 ## - SUBJECT ADDED ENTRY--TOPICAL TERM
Topical term or geographic name as entry element Evangelistic Work
General subdivision Addresses, Essays, Lectures
650 ## - SUBJECT ADDED ENTRY--TOPICAL TERM
Topical term or geographic name as entry element Mission of the Church
General subdivision Addresses, Essays, Lectures
650 ## - SUBJECT ADDED ENTRY--TOPICAL TERM
Topical term or geographic name as entry element Salvation
General subdivision Addresses, Essays, Lectures
942 ## - ADDED ENTRY ELEMENTS (KOHA)
Source of classification or shelving scheme
Koha item type Books
Copies
Full call number Date last seen Shelving location Lost status Date acquired Source of classification or shelving scheme Copy number Not for loan Koha item type Barcode Damaged status Withdrawn status Price effective from Permanent Location
BV 601.8 .S82010-04-14General Stacks 2010-04-14 1 Books6847  2010-04-14RHEMA Bible Training College
BV 601.8 .S82010-04-14General Stacks 2010-04-14 2 Books15879  2010-04-14RHEMA Bible Training College